Operations Research Principles & Practice (Record no. 23025)

MARC details
000 -LEADER
fixed length control field 00391nam a22001577a 4500
003 - CONTROL NUMBER IDENTIFIER
control field OSt
005 - DATE AND TIME OF LATEST TRANSACTION
control field 20211221092808.0
008 - FIXED-LENGTH DATA ELEMENTS--GENERAL INFORMATION
fixed length control field 211221b |||||||| |||| 00| 0 eng d
020 ## - INTERNATIONAL STANDARD BOOK NUMBER
International Standard Book Number 9788126512560
040 ## - CATALOGING SOURCE
Transcribing agency HU
082 ## - DEWEY DECIMAL CLASSIFICATION NUMBER
Edition number 2nd
Classification number 001.424
100 ## - MAIN ENTRY--PERSONAL NAME
Personal name Ravindran
9 (RLIN) 23679
245 ## - TITLE STATEMENT
Title Operations Research Principles & Practice
250 ## - EDITION STATEMENT
Edition statement 2nd
942 ## - ADDED ENTRY ELEMENTS (KOHA)
Source of classification or shelving scheme Dewey Decimal Classification
Koha item type Books like text book referance book
Edition 2nd
Call number prefix 001.424/RAV
Suppress in OPAC No
Holdings
Withdrawn status Lost status Source of classification or shelving scheme Damaged status Not for loan Home library Current library Shelving location Date acquired Total Checkouts Full call number Barcode Date last seen Copy number Price effective from Koha item type
    Dewey Decimal Classification     IoT Library IoT Library General Stacks 12/21/2021   001.424/RAV IOTL00000048 12/21/2021 1 12/21/2021 Books like text book referance book
    Dewey Decimal Classification     IoT Library IoT Library General Stacks 12/21/2021   001.424/RAV IOTL00000049 12/21/2021 2 12/21/2021 Books like text book referance book
    Dewey Decimal Classification     IoT Library IoT Library General Stacks 12/21/2021   001.424/RAV IOTL00000050 12/21/2021 3 12/21/2021 Books like text book referance book
    Dewey Decimal Classification     IoT Library IoT Library General Stacks 12/21/2021   001.424/RAV IOTL00000051 12/21/2021 4 12/21/2021 Books like text book referance book
    Dewey Decimal Classification     IoT Library IoT Library General Stacks 12/21/2021   001.424/RAV IOTL00000052 12/21/2021 5 12/21/2021 Books like text book referance book